Quizz Culture générale autour du mot "TAXI" - Statistiques

Statistiques générales
  • Ce quiz a été pris 34 fois
    20 depuis la dernière actualisation
  • Le résultat moyen est 9 sur 30
Statistiques - réponses
Question Réponse % Correct
Traditionnellement les taxis de Londres étaient de la même couleur, même si cela change... Il reste beaucoup de taxis... noirs
78%
Quelle est la couleur des taxis à New York ? Jaune
67%
Quel diplôme est exigé pour être chauffeur de taxi à Paris ? Aucun
56%
Comment se nomme les taxis collectifs en Afrique ? Taxis-brousse
56%
Comment nomment-on les petits taxis en Thaïlande ? Tuk-tuk
56%
Quelle société fait concurrence aux taxis depuis quelques années ? Uber
56%
Qui a chanté Joe le Taxi Vanessa Paradis
56%
Dans un film d'Yves Boisset, de quelle couleur est le taxi ? Mauve
44%
Avant l'apparition des taxis on pouvait, pour ne pas utiliser de transports en commun, louer les services d' un fiacre
44%
Combien vaut de points le mots TAXI au scrabble français ? 13
33%
Qui a réalisé le film "Un taxi pour Tobrouk" ? Denys de La Patellière
33%
Qui a réalisé le film Taxi en 1998 ? Gérard Pirès
33%
Dans quel pays actuel se trouve Tobrouk où l'on se rend parait-il en taxi ??? Libye
33%
Quel acteur joue le rôle principal dans Taxi driver ? Robert De Niro
33%
En France, les taxis doivent se signaler par une enseigne lumineuse depuis 1954
22%
Pour être homologué un taxi londonien doit pouvoir faire demi-tour entre deux murs espacés d'environ 7 mètres
22%
Où se déroule l'action du roman "Taxis noirs" de John McLaren ? A Londres
22%
Combien y-a-t-il de taxis à Paris en 2024 ? Environ 17600
22%
Quel écrivain français a fait paraître "Les taxis de la Marne" ? Jean Dutourd
22%
Quel est le titre de cette série de 1971 qui se déroule dans le milieu des taxis ? Madame, êtes-vous libre ?
22%
Une famille princière allemande se nomme Thurn und Taxis
22%
Qui a réalisé Monsieur Taxi, avec Michel Simon en 1952 ? André Hunebelle
11%
Quel personnage de BD apparait pour la première fois dans Les taxis rouges ? Benoît Brisefer
11%
En Asie du sud-est on utilise beaucoup des taxis légers, ils peuvent être appelés de trois de ces noms, quel est l'intrus ? Bing-Bong
11%
Taxi est une bande dessinée féministe... espagnole
11%
De quel pays est originaire le groupe Taxi Girl ? France
11%
Taxi records est un label discographique spécialisé dans le reggae
11%
Les célèbres Taxis de la Marne sont tous ou presque du même modèle, l'AG1 produit par... Renault
11%
Comment nomme-t-on le taxi collectif à Haïti ? Tap-tap
11%
Taxi est l'abrégé de Taximètre
0%
Aucun quiz correspondant
Distribution des résultats
% des personnes avec chaque résultat
Percentile par nombre de réponses
Votre historique - résultats
Vous n’avez pas pris ce quiz depuis la dernière actualisation